000 00431nam a22001697a 4500
003 UA-OsUOA
001 5356
007 ta
008 20050721b un ||||| |||| 00| 0 ukr d
100 _aШикун
700 _aА. В.
942 _cBK
040 _aUA-OsUOA
_cUA-OsUOA
_dUA-OsUOA
245 _aІндивідуалізація навчан. читання на середн. етапі
_bSA Paper
955 _a2
650 7 _2UDC
999 _c291518
_d291518